000 00780nam a2200265Ia 4500
003 OSt
005 20220928131127.0
006 a|||||r|||| 00| 0
007 ta
008 220927b |||||||| |||| 00| 0 eng d
020 _c7668.4269999999997
024 _a105848
037 _b541, 07/01/2010, Insat Books and Periodicals
_cTextual
040 _aSDCL
_cSDCL
_beng
041 _2eng
_aeng
082 _aS: (G:7), P9
100 _aShaffer David R
_9477242
245 0 _aSocial and personality development.
250 _a6
260 _aAustralia
_bWadsworth
_c2009
300 _axxiv, 622p
_ccm.
650 _aPsychology
942 _hS: (G:7), P9
_cTEXL
_2CC
999 _c789702
_d789702